Organic crops (Record no. 118347)

MARC details
000 -LEADER
fixed length control field 00797cam a2200253 4500
001 - CONTROL NUMBER
control field ABS68479
008 - FIXED-LENGTH DATA ELEMENTS--GENERAL INFORMATION
fixed length control field 041122n2004 000 0 eng u
035 ## - SYSTEM CONTROL NUMBER
System control number (Sirsi) u128070
100 ## - MAIN ENTRY--PERSONAL NAME
Personal name Abram, M.
245 ## - TITLE STATEMENT
Title Organic crops
260 ## - PUBLICATION, DISTRIBUTION, ETC.
Date of publication, distribution, etc. 2004
490 ## - SERIES STATEMENT
Series statement Farmers' Weekly
Volume/sequential designation 141(18) 29 October 2004, 56-59(4)
520 ## - SUMMARY, ETC.
Summary, etc. Series of short articles on the future of growing organic food including marketing, schemes, the use of genetically modified crops in organics and tips on growing organics crops.
590 ## - LOCAL NOTE (RLIN)
Local note ABS
590 ## - LOCAL NOTE (RLIN)
Local note ABS
650 ## - SUBJECT ADDED ENTRY--TOPICAL TERM
Topical term or geographic name entry element ORGANIC FOOD
650 ## - SUBJECT ADDED ENTRY--TOPICAL TERM
Topical term or geographic name entry element FARMING INDUSTRY
650 ## - SUBJECT ADDED ENTRY--TOPICAL TERM
Topical term or geographic name entry element ORGANIC FARMING
650 ## - SUBJECT ADDED ENTRY--TOPICAL TERM
Topical term or geographic name entry element GENETICALLY MODIFIED CROPS
690 ## - LOCAL SUBJECT ADDED ENTRY--TOPICAL TERM (OCLC, RLIN)
Topical term or geographic name as entry element RURAL-AGRICULTURE AND FORESTRY
700 ## - ADDED ENTRY--PERSONAL NAME
Personal name Long, E.
700 ## - ADDED ENTRY--PERSONAL NAME
Personal name Halford, N.
942 ## - ADDED ENTRY ELEMENTS (KOHA)
Suppress in OPAC 0
Holdings
Withdrawn status Lost status Source of classification or shelving scheme Damaged status Not for loan Home library Current library Shelving location Date acquired Total Checkouts Full call number Barcode Date last seen Copy number Price effective from Koha item type
    Dewey Decimal Classification     London London Journal article 03/12/2004   ABS68479 128070-1001 06/08/2019 1 06/08/2019 Journal article